Distribution System Modeling and Analysis/ (Record no. 36485)
[ view plain ]
| 000 -LEADER | |
|---|---|
| fixed length control field | 00530nam a22001817a 4500 |
| 005 - DATE AND TIME OF LATEST TRANSACTION | |
| control field | 20240828100740.0 |
| 008 - FIXED-LENGTH DATA ELEMENTS--GENERAL INFORMATION | |
| fixed length control field | 240828b |||||||| |||| 00| 0 eng d |
| 020 ## - INTERNATIONAL STANDARD BOOK NUMBER | |
| ISBN | 978-1-4398-5622-2 |
| 082 ## - DEWEY DECIMAL CLASSIFICATION NUMBER | |
| Classification number | 333.7932 |
| Item number | KER-D |
| 100 ## - MAIN ENTRY--AUTHOR | |
| Author Name | Kersting, William.H |
| 245 ## - TITLE STATEMENT | |
| Title | Distribution System Modeling and Analysis/ |
| Statement of responsibility, etc. | William H. Kersting |
| 250 ## - EDITION STATEMENT | |
| Edition statement | 3rd ed. |
| 260 ## - PUBLICATION, DISTRIBUTION, ETC. | |
| Place of Publication | USA; |
| Name of publisher, distributor, etc. | CRS Press, Taylor & Francis Group; |
| Date of publication, distribution, etc. | 2012 |
| 300 ## - PHYSICAL DESCRIPTION | |
| Pages | xv, 439 p.; |
| 500 ## - GENERAL NOTE | |
| General note | Includes index. |
| 650 ## - SUBJECT ADDED ENTRY--TOPICAL TERM | |
| Subject / Department | Economics |
| 300 ## - PHYSICAL DESCRIPTION | |
| -- | ill.; |
| -- | 24 cm. |
| 952 ## - LOCATION AND ITEM INFORMATION (KOHA) | |
| -- | 0 |
| -- | 0 |
| Lost status | Damaged status | Collection code | Permanent Location | Current Location | Shelving Location | Date acquired | Full Call Number | Accession No./Barcode | Date last seen | item type | Koha item type |
|---|---|---|---|---|---|---|---|---|---|---|---|
| Economics/Commerce | Superior Information Resource Center (SIRC) Superior University - City Campus | Superior Information Resource Center (SIRC) Superior University - City Campus | Economics | 08/28/2024 | 333.7932 KER-D 2012 | 7484 | 08/28/2024 | BOOK | BOOK |
